| 000 | 00000nam##2200000za#4500 |
| 001 | 9.610970 |
| 003 | CaOODSP |
| 005 | 20200401040947 |
| 007 | ta |
| 008 | 150406|1992||||xxc||||| f|0| 0 eng|d |
| 022 | |a0706-6457 |
| 040 | |aCaOODSP|beng |
| 043 | |an-cn--- |
| 086 | 1 |aFs97-6/1896E |
| 110 | 1 |aCanada. |bDepartment of Fisheries and Oceans. |
| 245 | 10|aOverview of yield per trap and shell height at sexual maturity for waved whelks, Buccinum undatum, caught on the east coast of New Brunswick, 1992 / |cby M. Lanteigne and L. A. Davidson. |
| 260 | |aOttawa - Ontario : |bFisheries and Oceans Canada |c1992. |
| 300 | |a23p. : |bfigs., graphs, references, tables ; |c28 cm. |
| 490 | 1 |aCanadian technical report of fisheries and aquatic sciences|x0706-6457|v1896 |
| 500 | |aPrepared in the Science Branch, Department of Fisheries and Oceans, Gulf Fisheries Centre, P.O. Box 5030, Moncton, New Brunswick E1C 9B6. |
| 546 | |aRésumés en français |
| 563 | |aSoftcover |
| 690 | 07|aFisheries|2gcpds |
| 690 | 07|aSeafood|2gcpds |
| 720 | 1 |aLanteigne, M. |
| 720 | 1 |aDavidson, L. A. |
| 776 | 0#|tOverview of the yield per trap and shell height at sexual maturity for waved whelk, Buccinum undatum, caught on the eastern coast of New Brunswick, 1992 / |w(CaOODSP)9.573836 |
| 830 | #0|aCanadian technical report of fisheries and aquatic sciences,|x0706-6457|v1896|w(CaOODSP)9.514691 |